| 000 | 00946cab a2200385 4500 | ||
|---|---|---|---|
| 001 | ABS59630 | ||
| 008 | 090401t1998 xxu||||| |||| 00| 0 eng d | ||
| 035 | _a(Sirsi) u89881 | ||
| 041 | _aeng | ||
| 245 | _aFocus `98: West Scotland | ||
| 260 | _c1998 | ||
| 350 | _a0 | ||
| 490 |
_aEstates Gazette _v(9847) 21 November 1998, 75-107(21) |
||
| 650 | _aARCHITECTURE | ||
| 650 | _aAYR | ||
| 650 | _aBRAEHEAD | ||
| 650 | _aBUSINESS PARKS | ||
| 650 | _aDUMFRIES | ||
| 650 | _aEAST KILBRIDE | ||
| 650 | _aGLASGOW | ||
| 650 | _aINDUSTRIAL SECTOR | ||
| 650 | _aIRVINE | ||
| 650 | _aKILMARNOCK | ||
| 650 | _aLEISURE SECTOR | ||
| 650 | _aOFFICE SECTOR | ||
| 650 | _aPAISLEY | ||
| 650 | _aPRESTWICK | ||
| 650 | _aRETAIL DEVELOPMENTS | ||
| 650 | _aRETAIL PARKS | ||
| 650 | _aSUPERPUBS | ||
| 650 | _aWEST SCOTLAND | ||
| 690 | _aPROPERTY-COMMERCIAL PROPERTY-COMMERCIAL PROPERTY MARKET | ||
| 942 | _n0 | ||
| 948 | _c23/11/1998 | ||
| 999 |
_c56904 _d56904 |
||